000
00313 a2200145 4500
003
Nust
005
20170207153204.0
040
_c
Nust
082
_a
005.1
100
_a
Qasim, Mureed
245
_a
User management system
_c
Mureed Qasim
260
_a
Rawalpindi
_b
MCS, NUST
_c
2001
300
_a
43 p.
650
_a
MSCS Thesis
942
_c
THS
999
_c
181094
_d
181094